O misterioso ladrão de queijos (Registo nº 1046)
[ vista simples ]
| 000 -Etiqueta do registo | |
|---|---|
| Cabeçalho | 00851nam a2200289 i 4500 |
| 005 - Identificador da versão | |
| Campo de controlo | 20240813121823.0 |
| 010 ## - Número internacional normalizado dos livros (ISBN) | |
| Número (ISBN) | 9789722338004 |
| 021 ## - Número do Depósito Legal | |
| Código do país | PT |
| Número | 267192/07 |
| 035 ## - Other System Control Numbers | |
| System Control Number | 0001095 |
| 100 ## - Dados gerais de processamento | |
| Dados gerais de processamento | 20090525d2007 de y0pory5003 ba |
| 102 ## - Pais de publicação ou produção | |
| País de publicação | Portugal |
| 101 1# - Língua de publicação | |
| Língua do texto, banda sonora, etc. | Português |
| Língua do documento no original | Italiano |
| 106 ## - Campo de dados codificados: material textual | |
| Dados codificados do material textual | r |
| 215 ## - Descrição física | |
| Indicação específica da natureza do documento e extensão da espécie | 117, [10] p. |
| Outras indicações físicas | il. |
| Dimensões | 19 cm |
| 200 1# - Titulo e menção de responsabilidade | |
| Título próprio | O misterioso ladrão de queijos |
| Primeira menção de responsabilidade | Geronimo Stilton |
| Outras menções de responsabilidade | il. Silvia Bigolin... [et al.] |
| -- | trad. Carlos Grifo Babo |
| 225 2# - Colecção | |
| Título próprio da colecção | Geronimo Stilton |
| Indicação de volume | 16 |
| 205 ## - Menção da edição | |
| Menção da edição | 1a ed |
| 210 ## - Publicação, Distribuição, etc. | |
| Lugar da edição, distribuição, etc. | Barcarena |
| Nome do editor, distribuidor, etc. | Presença |
| Data da publicação, distribuição, etc. | 2007 |
| 304 ## - Notas relativas a título e menção de responsabilidade | |
| Texto da nota | Tít. orig.: Il misterioso Ladro di formaggi |
| 702 #1 - Nome de autor-pessoa física (responsabilidade secundária) | |
| Número de registo de entrada de autoridade | 0001204 |
| Palavra de ordem | Babo |
| Outra parte do nome não tomada para palavra de ordem | Carlos Grifo |
| Datas | 1919- |
| Código de função | Tradutor |
| Número de registo de entrada de autoridade | 0001419 |
| Palavra de ordem | Bigolin |
| Outra parte do nome não tomada para palavra de ordem | Silvia |
| Código de função | Ilustrador / Técnico de desenho computorizado |
| 700 #1 - Nome de autor-pessoa física (responsabilidade principal) | |
| Número de registo de entrada de autoridade | 0001418 |
| Palavra de ordem | Stilton |
| Outra parte do nome não tomada para palavra de ordem | Geronimo |
| Elementos de identificação ou distinção | pseud. |
| 942 ## - Elementos de entrada adicionados (Koha) | |
| Tipo de item no Koha | Livro |
| Situação do levantamento | Origin of item (home branch) (coded) | Biblioteca de empréstimo | Código de barras | Cota | Circulation type (not for loan) | Tipo de documento | Nota do exemplar | Damaged status |
|---|---|---|---|---|---|---|---|---|
| Biblioteca Escolar Eng. Nuno Mergulhão | Biblioteca Escolar Eng. Nuno Mergulhão | BENM1903 | 8EST STI | Livro | Sem mensagem |
